Loreto College Library, Kolkata
WEBOPAC (ONLINE PUBLIC ACCESS CATALOGUE)

Understanding gender (Record no. 41379)

MARC details
000 -LEADER
fixed length control field 00546nam a22002057a 4500
005 - DATE AND TIME OF LATEST TRANSACTION
control field 20180109152358.0
008 - FIXED-LENGTH DATA ELEMENTS--GENERAL INFORMATION
fixed length control field 180109b xxu||||| |||| 00| 0 eng d
020 ## - ISBN | অাই এস বি এন
ISBN | অাই এস বি এন 8182060036
PRICE ₹ 200
040 ## - CATALOGING SOURCE
Original cataloging agency Loreto College
041 ## - LANGUAGE CODE
Language code English
082 ## - DDC | ডিউই
Classification number | বর্গসংখ্যা 305.4
Book Number | গ্রন্থাঙ্ক MAZ
100 ## - MAIN ENTRY--PERSONAL NAME | মুখ্য সংলেখ - ব্যাক্তিনাম
Personal name | ব্যাক্তিনাম Mazumdar, Rinitaa
245 ## - TITLE STATEMENT | অাখ্যা বিবরণী
Title | অাখ্যা Understanding gender
Statement of responsibility | লেখকের দায়িত্বের বিবরণ Rinita Mazumdar and Simone Brackett
260 ## - IMPRINT | প্রকাশনা ক্ষেত্র
Place of publication | প্রকাশ স্থান Kolkata
Name of publisher | প্রকাশকের নাম Towards freedom
Date of publication | প্রকাশ কাল 2004
300 ## - PHYSICAL DESCRIPTION |
Page / Vol. No | পৃষ্ঠা / খন্ড সংখ্যা 123 p.
Other physical details | অনান্য বাহ্যিক বিবরণ 22 cm.
650 ## - SUBJECT ADDED ENTRY--TOPICAL TERM | বিষয় শিরোনাম - মূল বিষয়
Topical term | মূল বিষয় Sex role
700 ## - ADDED ENTRY--PERSONAL NAME | অতিরিক্ত সংলেখ - ব্
Relator code | দায়িত্ব নির্দেশক Auth
Personal name | ব্যাক্তিনাম Brackett, Simone
850 ## - HOLDING INSTITUTION
Holding institution LCBED
942 ## - ADDED ENTRY ELEMENTS (KOHA)
Koha item type Books
Holdings
Withdrawn status Lost status Source of classification Damaged status Not for loan Home library Current library Date acquired Price Total Checkouts Full call number Accession No. Date last seen Date checked out Price effective from Koha item type
    Dewey Decimal Classification     Loreto College Loreto College 09/01/2018 0.00 1 305.4 MAZ 15479 45280 13/04/2026 02/03/2026 09/01/2018 Books